• 首页
  • 本馆介绍
  • 公告通知
  • 最新文献
  • 馆藏检索
  • 电子资源
  • 读者导购
  • 参考咨询
  • 我的图书馆
  • 登录
  • 详细信息显示
  • 放入我的书架
  • 预约/预借图书
  • 作者相关作品
  • 分类相关作品
  • 丛书相关作品
  • 出版社相关作品

书目信息

  • 表格格式
  • 工作单格式
  • 卡片格式
题名:
家国十年
    
 
作者: 张新蚕 著
分册:  
出版信息: 北京   作家出版社  2012.06
页数: 406页
开本: 24cm
丛书名:
单 册:
中图分类: K828.5=76 , D652
科图分类:
主题词: 文化大革命--中国--史料 , 文化大革命
电子资源:
ISBN: 978-7-5063-6437-9
000 01031nam0 2200313 450
001 010700126912
005 20140707105150.51
010    @a978-7-5063-6437-9@dCNY45.00
100    @a20120629d2012 em y0chiy50 ea
101 0  @achi
102    @aCN@b110000
105    @aa z 000cy
106    @ar
200 1  @a家国十年@9jia guo shi nian@e1966-1976@e一个红色少女的日记@f张新蚕著
205    @a2版
210    @a北京@c作家出版社@d2012.06
215    @a406页@c图,照片@d24cm
330    @a本书分为十章,内容包括:暴风雨前(1966年6月5日至1966年8月1日)、锋芒初试(1966年8月3日至1966年10月28日);接受检阅(1966年11月1日至1967年3月18日)等。
517 1  @a一个红色少女的日记@9yi ge hong se shao nu^ de ri ji
600  0 @a张新蚕@f(1952-)@x日记
600  0 @a张新蚕@f(1952-)
600  0 @a日记
606 0  @a文化大革命@y中国@x史料
606 0  @a文化大革命
690    @aK828.5=76@v5
690    @aD652@v5
701  0 @a张新蚕@9zhang xin can@f(1952-)@4著
801  0 @aCN@bRENTIAN@c20120629
905    @b847381-85@dK828.5=76@e49=2@f5
    
    家国十年:1966-1976:一个红色少女的日记/张新蚕著.-2版.-北京:作家出版社,2012.06
    406页:图,照片;24cm
    
    
    ISBN 978-7-5063-6437-9:CNY45.00
    本书分为十章,内容包括:暴风雨前(1966年6月5日至1966年8月1日)、锋芒初试(1966年8月3日至1966年10月28日);接受检阅(1966年11月1日至1967年3月18日)等。
●
相关链接 在E读中查询图书 在五车中查询图书 在当当中查询图书 在豆瓣中查询图书


正题名:家国十年     索取号:K828.5=76/49=2         预约/预借

序号 登录号 条形码 馆藏地/架位号 状态 备注
1 847381   208473819   第二样本阅览室/ [索取号:K828.5=76/49=2] 在馆    
2 847382   208473828   第二借阅区/ [索取号:K828.5=76/49=2] 在馆    
3 847383   208473837   第二借阅区/ [索取号:K828.5=76/49=2] 在馆    
4 847384   208473846   第二借阅区/ [索取号:K828.5=76/49=2] 在馆    
5 847385   208473855   第二借阅区/ [索取号:K828.5=76/49=2] 在馆    
唐山师范学院图书馆 欢迎您!
大连网信软件有限公司© 版权所有